Pays de l'équateur - Statistiques

Statistiques générales
  • Ce quiz a été pris 171 fois
    135 depuis la dernière actualisation
  • Le résultat moyen est 9 sur 11
Statistiques - réponses
Continent Pays % Correct
Amériques Equateur
96%
Amériques Brésil
93%
Afrique Republique Démocratique du Congo
92%
Afrique République du Congo
92%
Amériques Colombie
88%
Afrique Gabon
84%
Afrique Kenya
84%
Asie Indonésie
79%
Afrique Somalie
78%
Afrique Ouganda
74%
Afrique Sao Tomé-et-Principe (île de Rolas)
61%
Aucun quiz correspondant
Distribution des résultats
% des personnes avec chaque résultat
Percentile par nombre de réponses
Votre historique - résultats
Vous n’avez pas pris ce quiz depuis la dernière actualisation